000 00340nam a22001337a 4500
008 240805b |||||||| |||| 00| 0 eng d
020 _a9788197115295
100 _aP. S. Jaswal & N. Jaswal
245 _aEnvironmental Law 5th Edn.
250 _a5th
260 _aFaridabad
_bAllahabad Law Agency
_c2024
300 _a788
942 _2ddc
_cBK
999 _c20773
_d20773